| 000 | 00539nam a22001817a 4500 | ||
|---|---|---|---|
| 005 | 20250122154922.0 | ||
| 008 | 250122b |||||||| |||| 00| 0 eng d | ||
| 020 | _a9780748735105 | ||
| 050 | _aRA418 HEA | ||
| 100 | _aClarke, Liam | ||
| 245 |
_aHealth and Social Care/ _bfor advanced GNVQ _cLiam Clarke, Bruce Sachs, Sue Ford-Sumner |
||
| 250 | _a3rd ed. | ||
| 260 |
_aCheltenham _bStanley Thornes _c2000 |
||
| 300 |
_axvi. 326p. _bill. color _c27cm |
||
| 700 | _aSachs, Bruce | ||
| 700 | _aFord-Sumner, Sue | ||
| 942 |
_2lcc _cBK _e3rd ed. _n0 |
||
| 999 |
_c2822 _d2822 |
||